000 00507cam a22002054a 4500
005 20250605164318.0
008 250528s ||||||||||||||||||||||||d
035 _a22771
020 _a9780201708981
040 _aGR-AtMCL
_bgre
_dGR-AtMCL
_eAACR2
245 1 _aILLUSTRATOR FOR WINDOWS AND MACINTOSH
250 _a1
260 _bPeachpit Press,
_c2001
300 _a488
700 1 _aLourekas Peter
_98233
700 1 _aWeinmann Elaine
_98234
942 _cBK
999 _c7816
_d7816